الفقيه والدولة: (Record no. 12378)
[ view plain ]
| 000 -الفاتح | |
|---|---|
| حقل البيانات ثابتة الطول | 00782nam a22001697a 4500 |
| 008 - عناصر البيانات ثابتة الطول - معلومات عامة | |
| حقل البيانات ثابتة الطول | 090721t xxu||||| |||| 00| 0 ara d |
| 082 ## - رقم تصنيف ديوى العشرى | |
| رقم الطبعة | 22 |
| رقم التصنيف | 297.82 |
| رقم المادة | ا ب ا |
| 100 1# - المدخل الرئيسى - إسم شخصى | |
| 9 (RLIN) | 8087 |
| الإسم الشخصى | ابراهيم ، فؤاد |
| 245 12 - بيان العنوان | |
| العنوان | الفقيه والدولة: |
| بقية العنوان | تطور الفقه السياسى الشيعى/ |
| بيان المسئوليه,etc | فؤاد ابراهيم |
| 250 ## - بيان الطبعة | |
| بيان الطبعة | ط 1. |
| 260 ## - PUBLICATION, DISTRIBUTION, ETC. (IMPRINT) | |
| مكان الناشر او الموزع | بيروت: |
| اسم الناشر او الموزع | دار الكنوز الادبية، |
| تاريخ النشر أو التوزيع | 1998 |
| 300 ## - الوصف المادى | |
| التعداد | 462ص ، |
| أبعاد الوعاء | 24 سم |
| 504 ## - تبصرة ببليوجرافية | |
| تبصرة ببليوجرافية,الخ | يشتمل على ارجاعات ببليوجرافية(ص447-458 |
| 650 ## - المدخل الاضافى بالموضوع-مصطلح موضوعى | |
| 9 (RLIN) | 7966 |
| مصطلح موضوعي أو اسم جغرافي كعنصر مدخل | فقه الشيعة |
| 942 ## - عناصر المدخل الإضافي( كوها) | |
| مصدر التصنيف او مخطط الترفيف | Dewey Decimal Classification |
| Koha [default] item type | Book - Borrowing |
| حالة التراجع | حالة الفقد | مصدر التصنيف او خطة الترفيف | حالة تلف | ليس للاعارة | مجموعات كوها | المكان الدائم | المكان الحالي | موقع الترفيف | تاريخ الاكتساب | سعر الشراء الطبيعي | تعداد مسلسل / التسلسل الزمني | رقم الاستدعاء | الباركود | Date last seen | نوع الوعاء |
|---|---|---|---|---|---|---|---|---|---|---|---|---|---|---|---|
| Dewey Decimal Classification | Dar Amoag | Central Library | Central Library | Lower Floor | 21/07/2009 | 55.00 | 56 | 297.82 ابر | 000017610 | 15/07/2025 | Book - Borrowing |